عرض عادي
عرض مارك
- بني دومي، حسن علي.
مدخل إسم شخص
001 - رقم الضبط
- حقل الضبط: 12724
003 - معرف رقم الضبط
- حقل الضبط: OSt
005 - تاريخ ووقت أخر عملية
- حقل الضبط: 20120508152112.0
008 - عناصر بيانات ثابتة الطول
- حقل تحكم ثابت الطول: 120508|||a|||||| | ||| d
040 ## - مصدر الفهرسة
- هيئة الفهرسة الأصلية: OSt
- وكالة الكتابة: OSt
100 ## - مدخل -- أسم شخص
- إسم شخص: بني دومي، حسن علي.
670 ## - بيانات المصدر موجوده
- الاستشهاد بالمصدر: Work cat.: (OSt): العمري، عمر حسين. 12720, برامج الأطفال المحوسبة /, 2012
